Cómo se escribió el breve Dominus ac redemptor /

Guardado en:
Detalles Bibliográficos
Autor principal: Aldama, Antonio M. de (autor)
Formato: Libro
Idioma:Español
Publicado: lugar de publicación no identificado : editorial no identificada, fecha no identificada
Etiquetas: Agrega una etiqueta
Sin etiquetas, Sé el primero en etiquetar este registro!

MARC

LEADER 00000nam^a2200000^a^4500
001 000452715
005 20250526000000.0
009 20260310123843.126
037 |a Acervo Xavier Clavigero 
041 |a ESP 
091 |a FCA. 04207 
100 |a Aldama, Antonio M. de  |e (autor) 
245 1 0 |a Cómo se escribió el breve Dominus ac redemptor / 
264 1 |a lugar de publicación no identificado :  |b editorial no identificada,  |c fecha no identificada 
300 |a p. 183-206 ;  |c 23.5 cm. 
336 |a texto  |b txt  |2 rdacontenido 
337 |a sin mediación  |b n  |2 rdamedio 
338 |a volumen  |b nc  |2 rdasoporte 
649 |a XX 
910 |a Fondo Xavier Cacho Vázquez S.J. 
920 |a Impresos - Libros 
930 |a Libros Antiguos y Raros 
905 |a 108 
901 |a 0500357483  |b IT2  |c LRA  |u 20250526 
902 |a https://opac.biblio.iteso.mx/vufind/Record/000452715